| 000 | 00895nam a22003258i 4500 | ||
|---|---|---|---|
| 999 |
_c705 _d705 |
||
| 001 | 021247046 | ||
| 003 | UkOxU | ||
| 005 | 20191205104736.0 | ||
| 008 | 180301r20182006enk j 000|f|eng|d | ||
| 015 |
_aGBB884729 _2bnb |
||
| 016 | 7 |
_a018862226 _2Uk |
|
| 020 | _a9781407189178 (pbk.) : | ||
| 035 | _a(Uk)018862226 | ||
| 040 |
_aStDuBDS _beng _erda _cStDuBDS |
||
| 082 | _aFIC REE | ||
| 100 | 1 |
_aReeve, Philip, _eauthor. |
|
| 245 | 1 | 2 |
_aA darkling plain / _cPhilip Reeve. |
| 263 | _a201807 | ||
| 264 | 1 |
_aLondon : _bScholastic, _c2018. |
|
| 300 |
_a1 volume ; _c20 cm. |
||
| 336 |
_atext _2rdacontent |
||
| 337 |
_aunmediated _2rdamedia |
||
| 338 |
_avolume _2rdacarrier |
||
| 490 | 0 |
_aMortal engines quartet ; _v4 |
|
| 500 | _aOriginally published: 2006. | ||
| 655 | 0 | _aScience fiction. | |
| 655 | 0 | _aYoung adult fiction. | |
| 942 |
_2ddc _cFIC |
||